[Event "36th Zalakaros Festival 2017"]
[Site "Zalakaros"]
[Date "2017.05.18"]
[Round "1"]
[White "Mikhalevski, Victor"]
[Black "Cebalo, Miso"]
[Result "1/2-1/2"]
[WhiteElo "2520"]
[BlackElo "2320"]
[Annotator "TA"]
[PlyCount "95"]
[EventDate "2017.??.??"]
[EventType "swiss"]
[EventCountry "HUN"]
[SourceTitle "playchess.com"]
[Source "ChessBase"]
[SourceQuality "1"]

{[%evp 12,95,-14,-20,-20,-16,0,0,0,-22,-12,-5,17,9,30,-9,-9,-52,-34,-43,-59,-61,-54,-80,-58,-85,-52,-99,-96,-149,-127,-123,-127,-115,-117,-152,-165,-155,-85,-126,-118,-140,-80,-172,0,-119,0,-161,-142,-217,-191,-311,-140,-136,-102,-112,-114,-204,-202,-305,-275,-291,-249,-295,-351,-316,93,0,0,-70,-70,-85,-6,-9,-11,-11,0,0,0,0,0,0,0,0,0,0]} 1. Nf3 c5 2. g3 g6 3. Bg2 Bg7 4. d4 cxd4 5. Nxd4 Nc6 6. Nb3 d6 7. O-O Bd7 {A04: Unusual lines after 1 Nf3 and King's Indian Attack} (7... h5 8. h3 Be6 9. e4 Qd7 10. Kh2 f5 11. exf5 gxf5 12. N1d2 h4 13. gxh4 Nf6 14. Nf3 Ne4 15. Bg5 {½-½ (37) Van Wely,L (2640)-Navara,D (2730) Wijk aan Zee 2016}) 8. Nc3 Rc8 $146 ({Predecessor:} 8... Nf6 9. e4 O-O 10. h3 Rc8 11. Re1 Ne5 12. a4 a6 13. Nd5 Nc4 14. c3 Nxd5 15. exd5 e5 16. dxe6 fxe6 17. Qe2 Qc7 18. Nd2 {0-1 (59) Rombaldoni,D (2493)-Chatalbashev,B (2613) Bratto 2010}) 9. Nd5 h5 10. c3 Nf6 11. e4 {[%cal Be2e4,Be4d5][%mdl 32]} Nxd5 12. exd5 Ne5 13. Nd4 h4 14. a4 hxg3 15. hxg3 Bf6 16. a5 a6 17. Re1 Kf8 18. Qe2 Qc7 19. Qe4 Kg7 20. Bf1 (20. Bf4 $142) 20... Rh7 21. f4 Nc4 22. b4 b5 23. Ra2 Rch8 24. Bg2 Qa7 (24... Kf8 $142 25. Qd3 Bg4) 25. Rf2 Bh3 26. Bf3 Qd7 ({Much worse is} 26... Bf5 $6 27. Nxf5+ gxf5 28. Qxf5 $11) (26... Kg8 $142 27. Ree2 Qd7) 27. Qe2 (27. Rh2 $17) 27... Qa7 $2 (27... Kg8 $19 28. Rd1 Qb7) 28. Nc6 (28. Qe4 $1 $11) 28... Qd7 29. Nd4 $1 Qc8 30. Qd1 (30. Rh2 $17 {keeps fighting.}) 30... Bd7 31. g4 (31. Qd3 {might work better.}) 31... Kf8 (31... Bh4 $19 {is more deadly.} 32. Rh2 Bxe1 33. Rxh7+ Rxh7 34. Qxe1 Bxg4) 32. g5 $17 Bg7 $1 33. Qe2 Qe8 34. Qe4 (34. Qd1 $17 {was called for.}) 34... Rh4 $1 $19 35. Qd3 (35. Rfe2 {is a better defense.} Bg4 36. Bxg4 Rxg4+ 37. Kf1) 35... Bg4 $1 36. Bg2 Qd7 37. Nc6 Bh3 ({Don't take} 37... Bf5 38. Qf3 $19) 38. Rxe7 {[#]} Qg4 $2 {[#]} (38... Qc8 $1 $19 39. Ra7 Bxg2 40. Rxg2 Rh1+ 41. Kf2 R8h4) 39. Qe2 (39. Ra7 $1 $16 {[%cal Ra7a8]} Kg8 40. Qf3 (40. Rxa6 $2 Bxg2 41. Ne7+ Kf8 $19)) 39... Bxc3 $11 {Threatens to win with ...Bxg2.} 40. Qxg4 ({White should try} 40. Re8+ $1 $11 Kg7 41. Rxh8 Kxh8 42. Qxg4 Bxg4 43. Rc2) 40... Rxg4 $15 41. Ree2 $1 Bxg2 (41... f5 $17) 42. Rxg2 $11 {The position is equal.} Rgh4 43. Rh2 Rxh2 44. Rxh2 Rxh2 45. Kxh2 Ke8 46. Kg3 Kd7 47. Kf3 Kc7 48. Ke4 {Precision: White = 45%, Black = 53%.} 1/2-1/2

[Event "36th Zalakaros Festival 2017"]
[Site "Zalakaros"]
[Date "2017.05.18"]
[Round "1"]
[White "Kollars, Dmitrij"]
[Black "Blohberger, Felix"]
[Result "1-0"]
[WhiteElo "2503"]
[BlackElo "2319"]
[Annotator "TA"]
[PlyCount "43"]
[EventDate "2017.??.??"]
[EventType "swiss"]
[EventCountry "HUN"]
[SourceTitle "playchess.com"]
[Source "ChessBase"]
[SourceQuality "1"]

{[%evp 14,43,25,35,33,29,31,40,36,35,52,54,59,60,54,61,161,150,167,148,195,206,202,197,187,186,325,307,459,435,444,443]} 1. e4 g6 2. d4 Bg7 3. Nf3 d6 4. Bc4 Nf6 5. Qe2 O-O 6. e5 dxe5 7. dxe5 Nd5 8. O-O c6 {B06: Modern Defence} 9. Nbd2 (9. h3 b5 10. Bb3 a5 11. Rd1 e6 12. a3 a4 13. Ba2 Nd7 14. Nc3 Qc7 15. Bxd5 cxd5 16. Nxb5 Ba6 17. Nxc7 Bxe2 {1-0 (42) Bacrot,E (2720)-Kasimdzhanov,R (2700) Dubai 2014}) 9... Nd7 10. Re1 N7b6 $146 {White is slightly better.} ({Predecessor:} 10... e6 11. c3 Qc7 12. a4 b6 13. Nb3 Bb7 14. a5 c5 {1-0 (54) Mousavi,S (2412)-Firouzja,A (2470) Teheran 2017}) 11. Bb3 Nf4 12. Qe4 Nbd5 13. Nf1 Bf5 14. Qc4 Nh5 ({Better is} 14... a5 $14) 15. Qh4 $18 {g4 is the strong threat.} e6 16. h3 $1 Qxh4 17. Nxh4 Nhf4 {[#]} 18. g3 $1 Nxh3+ 19. Kg2 {[#]} Bg4 (19... Nxf2 $1 {[%mdl 512] is a better defense.} 20. Nxf5 (20. Kxf2 Bh3 $16) 20... exf5) 20. f3 h5 (20... h6 {was worth a try.} 21. fxg4 Ng5 22. Bxg5 hxg5) 21. fxg4 hxg4 22. Nh2 {Precision: White = 100%, Black = 39%.} 1-0

[Event "36th Zalakaros Festival 2017"]
[Site "Zalakaros"]
[Date "2017.05.18"]
[Round "1"]
[White "Van Foreest, Lucas"]
[Black "Beletic, Daniel"]
[Result "1-0"]
[WhiteElo "2489"]
[BlackElo "2315"]
[Annotator "TA"]
[PlyCount "66"]
[EventDate "2017.??.??"]
[EventType "swiss"]
[EventCountry "HUN"]
[SourceTitle "playchess.com"]
[Source "ChessBase"]
[SourceQuality "1"]

{[%evp 15,66,29,52,13,31,10,18,10,25,14,21,15,6,14,12,12,13,9,16,0,0,0,0,0,0,0,0,0,18,0,0,0,8,0,29,31,27,10,22,0,0,0,5,-34,4,5,16,11,24,32,292,300,589]} 1. d4 d6 2. Nf3 g6 3. e4 Bg7 4. c3 Nf6 5. Bd3 O-O 6. O-O c5 7. h3 Nc6 8. Be3 b6 {LiveBook: 4 Games. B07: Pirc Defence: Miscellaneous Systems} 9. a3 (9. d5 $5 {[%cal Rd5c6]} Ne5 10. Nxe5 dxe5 11. c4 $14) 9... e5 10. dxc5 (10. d5 $5 {[%cal Rd5c6]} Na5 11. c4 $14) 10... dxc5 {[%cal Bd6c5,Bc5c4][%mdl 32] The position is equal.} 11. Qc2 $146 ({Predecessor:} 11. Qe2 Nh5 12. Nbd2 Nf4 13. Bxf4 exf4 {0-1 (41) Richards,H (2236)-Lie,K (2477) Sandefjord 2003}) 11... h6 12. Nbd2 Bb7 13. Nc4 b5 14. Ncd2 c4 15. Be2 Qc7 16. a4 a6 17. axb5 axb5 18. b3 Na5 $1 19. bxc4 Nxc4 20. Bxc4 bxc4 21. Rab1 {[%cal Ba1b1,Bb1b4,Bb4a4][%mdl 32]} Ba6 22. Qa4 Bb7 23. Qc2 Ba6 24. Rb4 Rfc8 25. Ra1 Nd7 26. Rba4 Qc6 27. Qa2 Bb7 28. Ba7 {[%cal Ra2c4]} Nc5 29. Rxc4 {Hoping for Qb2.} (29. Bxc5 $5 Qxa4 30. Qxa4 Rxa4 31. Rxa4 Rxc5 32. Nh2 $11) 29... Rxa7 30. Qxa7 Ra8 31. Qxc5 Rxa1+ 32. Kh2 Qa6 $2 {[%mdl 8192] [#]} (32... Qxc5 $14 33. Rxc5 Ra2) 33. Qc7 $18 ({Wrong is} 33. Nxe5 $2 Ra5 $19) 33... Bf6 $2 {Precision: White = 52%, Black = 36%.} (33... Bf8 34. Nxe5 Qe6) 1-0

[Event "36th Zalakaros Festival 2017"]
[Site "Zalakaros"]
[Date "2017.05.18"]
[Round "1"]
[White "Gasanov, Eldar"]
[Black "Secheres, Adrian-Simion"]
[Result "1-0"]
[WhiteElo "2484"]
[BlackElo "2309"]
[Annotator "TA"]
[PlyCount "53"]
[EventDate "2017.??.??"]
[EventType "swiss"]
[EventCountry "HUN"]
[SourceTitle "playchess.com"]
[Source "ChessBase"]
[SourceQuality "1"]

{[%evp 14,53,28,2,10,9,8,0,16,29,54,41,54,62,40,34,58,32,66,18,34,27,195,195,179,189,201,197,183,134,312,295,285,294,267,181,310,312,288,305,413,409]} 1. d4 Nf6 2. c4 g6 3. Nc3 Bg7 4. e4 d6 5. Be2 O-O 6. Bg5 Na6 7. Qd2 Qe8 8. f4 {LiveBook: 4 Games. E73: King's Indian: Averbakh Variation without 6...c5} (8. Bd1 e5 9. d5 Nc5 10. Bc2 a5 11. Nge2 Bd7 12. O-O Kh8 13. b3 Ng8 14. Be3 f5 15. exf5 gxf5 16. f4 b6 17. Rae1 Qg6 18. Rf3 Nf6 19. fxe5 dxe5 {1-0 (34) Ni,H (2691)-Bosiocic,M (2554) Karlsruhe 2016}) 8... e5 9. fxe5 dxe5 10. d5 {The position is equal.} Nc5 11. Bf3 a5 12. Nge2 Bd7 13. O-O b6 $146 ({Predecessor:} 13... Qc8 14. h3 b6 15. Ng3 {0-1 (67) Martinez Medina,J-Exojo Lozano,A (1720) Santa Eulalia de Roncana 2009}) 14. b3 Qe7 15. Nc1 Rfb8 16. Nd3 Nxd3 17. Qxd3 Qf8 $2 {[#]} (17... h6 $11 {and Black stays safe.} 18. Bh4 g5) 18. Bxf6 $1 $18 {Hoping for Be2.} Bxf6 {[#]} 19. Bg4 $1 {[%cal Rg4d7][%mdl 512]} Bxg4 20. Rxf6 Qc5+ 21. Kh1 Bd7 $2 (21... a4 $16 {might work better.}) 22. Raf1 Rf8 23. Qf3 Be8 24. Qg3 a4 (24... b5 $142 25. h4 (25. Nxb5 Bxb5 26. cxb5 a4 $16) (25. Qxe5 bxc4 26. h4 cxb3 $16) (25. cxb5 Bxb5 26. Nxb5 Qxb5 $16) 25... bxc4) 25. Qxe5 axb3 26. axb3 Ra3 27. Ne2 {Precision: White = 80%, Black = 42%.} 1-0

[Event "36th Zalakaros Festival 2017"]
[Site "Zalakaros"]
[Date "2017.05.18"]
[Round "1"]
[White "Czebe, Attila"]
[Black "Pultorak, Jan"]
[Result "1-0"]
[WhiteElo "2475"]
[BlackElo "2303"]
[Annotator "TA"]
[PlyCount "119"]
[EventDate "2017.??.??"]
[EventType "swiss"]
[EventCountry "HUN"]
[SourceTitle "playchess.com"]
[Source "ChessBase"]
[SourceQuality "1"]

{[%evp 23,119,0,23,0,0,6,13,8,32,0,21,-46,-47,-38,-25,-45,0,-14,0,0,1,1,1,0,18,8,13,-35,-42,-98,-10,-125,-10,-12,-16,-66,-66,-60,-70,-60,-67,-68,0,0,0,0,0,0,0,0,0,0,0,0,0,0,0,0,0,0,0,0,0,0,0,0,0,0,8,8,29976,-8,29976,29978,29977,29979,29979,29980,29983,29984,29984,29985,29985,29985,29987,29986,29986,29987,29988,29989,29989,29988,29988,29988,29994,29995,29998,29999]} 1. Nf3 Nf6 2. g3 d5 3. Bg2 c6 4. O-O Bg4 5. d3 Nbd7 6. h3 Bh5 7. Nbd2 e5 8. e4 dxe4 9. dxe4 Bc5 10. Qe1 O-O 11. Nb3 Bb6 {A07: Réti Opening: New York and Capablanca Systems} 12. Nh4 (12. a4 a5 13. Nfd2 Nc5 14. Nxc5 Bxc5 15. Nc4 Nd7 16. Bd2 b6 17. Kh1 Re8 18. f3 f6 19. Qe2 {½-½ (73) Kozul,Z (2632)-Postny,E (2635) Zadar 2014}) 12... Re8 {LiveBook: 4 Games} 13. Nf5 Qc7 {The position is equal.} 14. a4 a5 15. Be3 Bxe3 16. Qxe3 Bg6 17. Rad1 $146 (17. Nh4 $11) ({Predecessor:} 17. Nh4 Nf8 18. Rfd1 N6d7 {0-1 (43) Moreno Mestre,J-Nava Pereda,C (2335) Spain 1997}) 17... Bxf5 $15 18. exf5 Nb6 19. Nc5 Nbd5 (19... e4 $5) 20. Qe2 Qb6 (20... e4 $5) 21. Qc4 e4 22. Bxe4 Nxe4 23. Nxe4 Qxb2 24. Nd6 Red8 25. Rb1 Qc3 $36 {[%mdl 2048] Black fights for an advantage.} 26. Rbd1 {[#]} (26. Rb3 $1 $15 Qxc4 27. Nxc4) 26... Rd7 ({Black should try} 26... b5 $1 $17 {[%cal Rb5c4]} 27. axb5 Qxc4 28. Nxc4 cxb5) 27. Rfe1 (27. Rxd5 $1 $11 {keeps the balance.} Qxc4 28. Nxc4 Rxd5 29. Nb6) 27... Qf6 (27... h5 $17 28. Kg2 b6) 28. Ne4 Qxf5 29. Nc5 Nb6 (29... Qxh3 30. Nxd7 Qxd7 31. Qd4 $16) 30. Qc3 $1 Rxd1 31. Rxd1 Nd5 ({Wrong is} 31... Qxh3 $2 {[#]} 32. Qxa5 $1 {[%mdl 512]} h6 33. Qxb6 $18) 32. Qd2 {Black must now prevent c4.} b6 ({Not} 32... Qxh3 $2 33. c4 $18) (32... h6 $15 33. g4 Qf3) 33. c4 $11 bxc5 34. cxd5 cxd5 (34... Qxh3 35. dxc6 Qc8 36. Qd6 $18) 35. Qxd5 Qxd5 36. Rxd5 {[%mdl 4096] Endgame KR-KR} Rc8 37. Kf1 $1 Kf8 38. Ke2 Ke7 39. Kd3 $1 Ke6 40. Kc4 Rb8 41. Kxc5 Rb2 {...Rc2+ is the strong threat.} 42. Kc6 Rxf2 {And now ...Rc2+ would win.} 43. Rxa5 Rf3 44. g4 Rxh3 45. Rb5 Rh4 46. Rb4 {Hoping for Re4+.} h5 $2 {[%mdl 8192]} (46... Rh3 $11) 47. Re4+ Kf6 {[#]} 48. g5+ $1 {[%mdl 512] White mates.} Kxg5 49. Rxh4 Kxh4 {KP-KP} 50. a5 Kg3 51. a6 h4 52. a7 h3 53. a8=Q Kf2 54. Qa2+ Kg1 55. Qa1+ Kg2 56. Qxg7+ Kf2 57. Qh6 Kg2 58. Qg5+ Kh1 59. Qg3 h2 60. Qf2 {Precision: White = 64%, Black = 48%.} 1-0

[Event "36th Zalakaros Festival 2017"]
[Site "Zalakaros"]
[Date "2017.05.18"]
[Round "1"]
[White "Horvath, Adam"]
[Black "Sadhwani, Raunak"]
[Result "1/2-1/2"]
[WhiteElo "2469"]
[BlackElo "2298"]
[Annotator "TA"]
[PlyCount "76"]
[EventDate "2017.??.??"]
[EventType "swiss"]
[EventCountry "HUN"]
[SourceTitle "playchess.com"]
[Source "ChessBase"]
[SourceQuality "1"]

{[%evp 15,76,2,17,13,10,20,20,17,6,0,0,0,0,0,25,0,0,-2,24,22,28,25,27,-105,0,0,29,33,18,12,25,-25,-16,-32,0,-56,0,0,0,0,19,0,0,-23,0,0,0,0,-9,-40,-47,-73,-72,-66,-68,-118,-114,-131,0,-42,0,-131,0]} 1. e4 c6 2. d4 d5 3. Nc3 dxe4 4. Nxe4 Bf5 5. Ng3 Bg6 6. c3 Nf6 7. Nh3 e6 8. Nf4 Bd6 9. h4 {[%cal Bh2h4,Bh4h5][%mdl 32] B18: Classical Caro-Kann: 4...Bf5 sidelines} Bxf4 10. Bxf4 {Threatens to win with h5.} h6 11. h5 {The position is equal.} Bh7 12. Qb3 (12. Bc4 Nbd7 13. Qe2 O-O 14. O-O Re8 15. Rfe1 Nd5 16. Bd2 Qh4 {½-½ (45) Ponomariov,R (2706)-Grischuk,A (2747) Almaty 2016}) 12... Qe7 13. Be2 O-O 14. O-O a5 $146 ({Predecessor:} 14... Rd8 15. Rfe1 a5 16. a4 Nd5 {0-1 (35) Frigieri,F (2148)-Petran,P (2384) Budapest 2011}) 15. a4 Nd5 16. Bd2 Na6 17. Rfe1 Qc7 18. Bf3 Rfd8 19. Re5 (19. Nf1 $11) 19... Kh8 (19... Nc5 $1 $17 {[%cal Rc5b3]} 20. Qa3 Nd3) 20. Rae1 Rab8 21. Qd1 Qd6 22. Qc1 Qf8 23. Be4 Bxe4 24. R5xe4 b5 25. Qc2 (25. axb5 $11 cxb5 26. Bf4) 25... Nac7 ({Black should try} 25... bxa4 $1 $15 26. Bf4 Rb3) 26. Ra1 $11 Ra8 27. Ree1 Nb6 28. b3 bxa4 29. c4 {[%cal Bc3c4,Bc4c5][%mdl 32]} Na6 {...Nb4 is the strong threat.} 30. c5 ({Reject} 30. Bxa5 Nb4 $17) 30... axb3 31. Qxb3 Nd5 32. Rxa5 Nac7 33. Qb7 {[#]} Qe8 $1 34. Rxa8 Rxa8 35. Nf5 Rb8 $36 {[%mdl 2048] White is under strong pressure.} 36. Qa7 Ra8 (36... Nb5 $17 37. Qa1 Qd8) 37. Qb7 $15 Rb8 (37... Nb5 $15) 38. Qa7 $17 Ra8 {Precision: White = 44%, Black = 53%.} (38... Nb5 $17 39. Qa1 Qd8) 1/2-1/2

[Event "36th Zalakaros Festival 2017"]
[Site "Zalakaros"]
[Date "2017.05.18"]
[Round "1"]
[White "Livaic, Leon"]
[Black "Risting, Eivind Olav"]
[Result "1-0"]
[WhiteElo "2464"]
[BlackElo "2297"]
[Annotator "TA"]
[PlyCount "63"]
[EventDate "2017.??.??"]
[EventType "swiss"]
[EventCountry "HUN"]
[SourceTitle "playchess.com"]
[Source "ChessBase"]
[SourceQuality "1"]

{[%evp 9,63,25,42,42,55,50,64,35,35,39,39,43,38,37,53,45,46,27,27,27,27,33,34,6,8,17,12,22,41,52,51,37,51,47,91,102,170,125,168,163,205,156,154,156,152,143,279,266,303,278,495,491,488,479,1124,1105]} 1. d4 Nf6 2. c4 {[%cal Bc2c4,Bc4b5][%mdl 32]} c5 3. d5 b5 4. cxb5 a6 5. bxa6 g6 6. Nc3 {A58: Benko/Volga Gambit: Lines with 5 bxa6} Bg7 7. e4 {[%cal Be2e4,Be4d5][%mdl 32] And now e5 would win.} O-O 8. a7 {White is slightly better.} Rxa7 9. Nf3 e6 (9... d6 10. Be2 Nbd7 11. O-O Qb6 12. Qc2 Ba6 13. Bxa6 Rxa6 {½-½ (68) Ponomariov,R (2709)-Andriasian,Z (2621) Tallinn 2016}) 10. Be2 exd5 11. exd5 d6 12. O-O Na6 13. Re1 $146 (13. Nb5 $5 {[%cal Rb5a7]} Re7 14. Bc4 $14) ({Predecessor:} 13. Bf4 Nc7 {½-½ (64) Urkedal,F (2512)-Djurhuus,R (2422) Oslo 2015}) 13... Nc7 14. Bf4 Rb7 15. Qd2 Nfxd5 16. Bg5 {[%cal Bf4g5,Bg5h4,Bh4g3][%mdl 32]} Nf6 17. Rad1 d5 18. b3 $36 {[%mdl 2048] White has good play.} d4 19. Na4 Ne6 $1 20. Bc4 {Threatens to win with Bxe6.} Qd6 21. Bh4 Nd5 22. Bg3 Qd8 (22... Qc6 $16) 23. Ne5 {Nxc5! is the strong threat.} Ndc7 24. Nd3 Nd5 25. Ndxc5 Nxc5 26. Nxc5 Ra7 27. Ne4 Be6 (27... Bf5 $16 {was worth a try.}) 28. Bd6 $18 Re8 29. Bc5 Rc7 $2 {[#]} (29... Nb6 30. Bb5 Bd7 31. Bxd7 Rxd7 32. Bxb6 Qxb6 33. Nf6+ Bxf6) 30. Bxd4 {White is clearly winning.} Nf6 31. Bxf6 Bxf6 (31... Qxd2 $142 32. Rxd2 Bxc4 33. bxc4 Rxc4) 32. Qf4 {Precision: White = 70%, Black = 72%.} 1-0

[Event "36th Zalakaros Festival 2017"]
[Site "Zalakaros"]
[Date "2017.05.18"]
[Round "1"]
[White "Krzyzanowski, Marcin"]
[Black "Gazik, Igor"]
[Result "1-0"]
[WhiteElo "2457"]
[BlackElo "2292"]
[Annotator "TA"]
[PlyCount "68"]
[EventDate "2017.??.??"]
[EventType "swiss"]
[EventCountry "HUN"]
[SourceTitle "playchess.com"]
[Source "ChessBase"]
[SourceQuality "1"]

{[%evp 22,68,18,32,73,65,95,49,53,43,56,47,46,52,48,34,128,112,198,218,197,185,174,0,129,127,135,0,0,-219,-210,-227,-229,-332,-328,-334,-336,-291,-200,-442,-430,-1520,-1494,-1279,-939,-5377,-4248,-2558,-593]} 1. e4 Nf6 2. e5 Nd5 3. d4 d6 4. Nf3 Bg4 5. Be2 e6 6. h3 Bh5 7. O-O Be7 8. c4 {[%cal Bc2c4,Bc4c5][%mdl 32]} Nb6 9. Nc3 O-O 10. exd6 cxd6 {[%cal Bc7d6,Bd6d5][%mdl 32]} 11. Be3 d5 12. c5 {LiveBook: 30 Games} Nc4 {B05: Alekhine's Defence: 4 Nf3 Bg4} (12... Bxf3 13. Bxf3 Nc4 14. Bc1 Nc6 15. b3 N4a5 16. Bb2 Bf6 17. Na4 b5 18. cxb6 axb6 19. Be2 Rb8 20. Bb5 Qd6 21. Qd2 Rfc8 22. Rfd1 {0-1 (35) Petrisor,A (2377)-Berkes,F (2645) Calimanesti Caciulata 2016}) 13. Bxc4 $1 dxc4 14. g4 $146 ({Predecessor:} 14. Qe2 Bxf3 15. gxf3 Bg5 16. Ne4 Bxe3 17. fxe3 f5 18. Nd6 Qh4 19. Kh2 Nc6 20. Rg1 Rf6 21. Rg3 Rh6 22. Rag1 Kf8 23. Qg2 g6 24. f4 Qe7 25. Nxc4 Nb4 26. Nd6 Nd5 27. Nxf5 {1-0 (27) Cela,S (2286)-Losic,F (2041) Dubrovnik 2008}) 14... Bg6 {White is slightly better.} 15. Ne5 $1 Nc6 16. Nxc4 f5 {Strongly threatening ...f4.} 17. f4 $36 {[%mdl 2048] White fights for an advantage.} fxg4 18. hxg4 Bf6 (18... Qe8 $14) 19. Nd6 $16 Bxd4 (19... Be7 $16) 20. Bxd4 $18 Qh4 21. Bf2 Qh3 22. Ne2 $2 (22. Be1 $18) 22... Qxg4+ (22... Bd3 $11 {remains equal.}) 23. Ng3 $1 $16 Qxf4 24. Qe2 ({Don't blunder} 24. Nxb7 $2 Ne5 $19) (24. Kg2 $1 $16) 24... Ne5 $11 {And now ...Bd3 would win.} 25. Qe3 $2 (25. Rad1 $11 Nf3+ 26. Kg2) 25... Nf3+ $19 {[%mdl 1024] Black has strong compensation.} 26. Kg2 Qg4 27. Rh1 (27. Qe2 {keeps fighting.} Nh4+ 28. Kh2 Nf3+ 29. Kg2) 27... h5 {[%cal Bh7h5,Bh5h4][%mdl 32]} 28. Rac1 {[#] Hoping for Rc4.} Rf4 $1 {aiming for ...Raf8.} ({Not} 28... h4 $2 29. Rc4 $18) 29. Rc4 Rxc4 30. Nxc4 $2 (30. Qxf3 {was the only chance.} Qxf3+ 31. Kxf3 Rf8+ 32. Ke3 Rxc5 33. Rh2) 30... Rf8 {Black is clearly winning.} 31. Rc1 (31. c6 $142 h4 32. Nd6 hxg3 33. Bxg3 bxc6 34. b3) 31... h4 32. Nd6 Ng5 {White must now prevent ...Qh3+.} 33. Rh1 Rf3 34. Qe5 Rxf2+ {[%mdl 32768] Precision: White = 42%, Black = 47%. . Loss on Time!?} (34... h3+ $142 35. Rxh3 Qxh3+ 36. Kg1 {[#]} Rf5 $1 {[%mdl 512]} 37. Qxf5 exf5) 1-0

[Event "36th Zalakaros Festival 2017"]
[Site "Zalakaros"]
[Date "2017.05.18"]
[Round "1"]
[White "Nguyen, Piotr"]
[Black "Rakesh Kumar Jena"]
[Result "1-0"]
[WhiteElo "2453"]
[BlackElo "2288"]
[Annotator "TA"]
[PlyCount "87"]
[EventDate "2017.??.??"]
[EventType "swiss"]
[EventCountry "HUN"]
[SourceTitle "playchess.com"]
[Source "ChessBase"]
[SourceQuality "1"]

{[%evp 10,87,25,16,30,-36,-33,-34,-4,-6,9,17,15,-45,0,0,0,-37,-43,-39,-35,-47,-49,-56,-30,-29,99,95,101,87,108,105,112,75,76,75,75,75,83,78,83,76,105,104,143,80,92,97,97,94,83,85,132,130,146,146,188,188,187,185,320,300,362,362,362,362,351,345,348,356,354,352,351,351,292,257,592,721,1313,1277]} 1. d4 d5 2. c4 c6 3. Nf3 Nf6 4. Nc3 a6 5. c5 g6 6. Bf4 Nh5 {D15: Slav Defence: 4 Nc3 a6 and gambit lines after 4 Nc3 dxc4} (6... Bg7 7. h3 O-O 8. e3 Nbd7 9. Bh2 Ne4 10. Bd3 f5 11. O-O h6 12. Rc1 Kh7 13. b4 Qe8 14. Ne2 e5 15. Nxe5 Nxe5 16. Bxe5 Bxe5 17. dxe5 Qxe5 {½-½ (56) Tomashevsky,E (2714)-Morozevich,A (2724) Sochi 2014}) 7. Qd2 ({White should play} 7. Bg5 $11) 7... Nxf4 $15 8. Qxf4 Bg7 {Black is slightly better.} 9. e4 dxe4 10. Bc4 $146 ({Predecessor:} 10. Nxe4 O-O 11. Bc4 Qa5+ 12. Ned2 Nd7 13. O-O e5 14. dxe5 Qxc5 {1-0 (22) Balazs,G (2352)-Shtivelband,V (2190) Pula 2010}) 10... O-O 11. Ne5 (11. Nxe4 $11 Bf5 12. O-O) 11... Bf5 (11... Bxe5 $5 12. dxe5 Qd4 13. Qxe4 Qxc5 $15) 12. O-O-O $36 {[%mdl 2048] White has some pressure.} Nd7 {...Qb8 is the strong threat.} 13. Nxf7 Rxf7 14. g4 $1 e5 15. Bxf7+ Kf8 $1 16. dxe5 {[%cal Bd4e5,Be5e6][%mdl 32]} Qh4 $1 17. Qg3 $1 {[%cal Rg3h4]} Qxg3 (17... Qxg4 $11 18. e6 Ne5) 18. hxg3 $16 (18. fxg3 $6 Bxg4 19. Rhf1 (19. Rdf1 Ke7 $11) 19... Bh6+ 20. Kc2 Bxd1+ 21. Kxd1 Ke7 $11) 18... Bxg4 19. Rxd7 $1 ({Much weaker is} 19. Nxe4 $6 Bxd1 20. Rxd1 Nxe5 $11) 19... Bxd7 20. e6 Be8 21. Rxh7 e3 22. fxe3 Bxf7 23. exf7 Kxf7 {[%mdl 4096] Endgame KRB-KRN} 24. Ne4 Kg8 25. Rh4 Re8 26. Rg4 a5 27. b3 (27. Nd6 $142 Rxe3 28. Nxb7) 27... Re5 28. Kd2 Kh7 29. Kd3 Rd5+ 30. Ke2 Re5 31. Kf3 Bh6 32. Rh4 Kg7 33. g4 $1 Bg5 {[#]} 34. Rh2 $1 Be7 {[#]} (34... Bf6 {is a better defense.} 35. Nxf6 Kxf6) 35. Rd2 $1 $18 Rd5 36. Rxd5 cxd5 {KB-KN} 37. Nc3 ({Less strong is} 37. Nd6 b6 $18) 37... Bxc5 38. Nxd5 Kf7 39. Ke4 Ke6 40. Nf4+ Kf7 41. a4 Bb6 42. Nd5 Bc5 $2 (42... Ba7 43. Nf4 Kf6) 43. Ke5 b6 44. e4 {Precision: White = 66%, Black = 57%.} 1-0